00819nam a2200253 i 4500001001000000003000900010005001700019007000300036008004100039040003000080082002400110100004000134245005200174264004400226300002700270336002700297337003300324338002800357490002900385500006400414586003600478650002400514650002700538000012873DO-SdBNP20260304094324.0ta091118s1988 dr 000 j spa d aDO-SdBNPbspacBNPHUerda 4aRD863.44bP379f2221 aPeix, Pedrod1952-2015eautor4aut.13aEl fantasma de la calle el Conde /cPedro Peix. 1aSanto Domingo :bEditora Taller,c1988. a68 páginas ;c21 cm. atextobtxt2rdacontent asin mediaciónbn2rdamedia avolumenbnc2rdacarrier1 aBiblioteca taller ;v259 aIncluye datos biográficos del autor en la contracubierta. aPremio Nacional de Cuento, 1987 4aCuentos dominicanos 4aLiteratura dominicana.